000 00733nam a22001937a 4500
999 _c192489
_d192489
005 20220923120550.0
010 _aENG-135196
020 _a9788190890649
_c195.00
035 _aEN-118728
037 _bDBAD/PUB
082 _a954.35
245 _aTelangana in 19th Century/
_cEdited By B. Rama Chandra Reddy and Thallapally Manohar
260 _aTelangana
_bSree Bhagavan Publications
_c2010
270 _a7-1-29/23, Flat no.102, Sai Siri Sampada Apartments Leela Nagar, Ameerpet
_bHyderabad
_e500016
_k040-23736525, 9848306093
_msreebhagavanpublications@gmail.com
300 _axx,252p.
_c22cm.(pbk)
700 _aReddy, B. Rama Chandra
700 _aManohar, Thallapally
942 _cEN
_h954.35
_2ddc
_mRED